| 000 | 01444nam0a22002891 4500 | ||
|---|---|---|---|
| 001 | rc\4972464 | ||
| 005 | 20130430130513.6 | ||
| 021 |
_aRU _b[67-49512] |
||
| 035 | _a(NLR Aleph) 008977161 | ||
| 090 |
_a9162378 _c9162378 |
||
| 100 | _a20130430d1967 |||y0rusy50 ca | ||
| 101 | 0 | _arus | |
| 102 | _aRU | ||
| 105 | _aa z ||||| | ||
| 200 | 1 |
_aРекомендации по выполнению сочленений регулирующих органов с исполнительными механизмами _fМ-во энергетики и электрификации СССР. Техн. упр. по эксплуатации энергосистем. Всесоюз. гос. трест по организации и рационализации район. электр. станций и сетей "Оргрэс". БТИ |
|
| 210 |
_aМосква _cБ. и. _d1967 |
||
| 215 |
_a10 с. _cчерт. _d19 |
||
| 300 | _aНа обороте тит. л. авт.: инженеры В.С. Кронгауз и Ю.Е. Ланюк | ||
| 606 |
_aЭлектрические станции _xОборудование _xУправление дистанционное _2psbo |
||
| 701 | 1 |
_aКронгауз _bВ. С. |
|
| 701 | 1 |
_aЛанюк _bЮ. Е. |
|
| 712 | 0 | 2 |
_a"Оргрэс", трест _cМосква _3RU\NLR\AUTH\8810166155 |
| 801 | 0 |
_aRU _bNLR _gpsbo |
|
| 801 | 1 |
_aRU _bELAR _2rusmarc |
|
| 852 |
_aNLR _j67-4/12433 |
||
| 942 | _cBOOK | ||
| 980 | _aNB | ||